Drawing is thinking
Збережено в:
| Автор: | |
|---|---|
| Формат: | Книга |
| Мова: | Англійська |
| Опубліковано: |
Nueva York
Overlook Press
2008
|
| Редагування: | 1a. ed |
| Предмети: | |
| Теги: |
Додати тег
Немає тегів, Будьте першим, хто поставить тег для цього запису!
|
MARC
| LEADER | 00000cam a2200000 a 4500 | ||
|---|---|---|---|
| 001 | UCE3131 | ||
| 003 | CL-VaPUC | ||
| 008 | 140814e20080000us |||||||||||||||||eng|d | ||
| 020 | |a 9781585679942 | ||
| 020 | |a 9780715638347 | ||
| 082 | 0 | 4 | |a 741.6 |b GLA |2 21 |
| 100 | 0 | |a Glaser, Milton |e author |9 575633 | |
| 245 | 1 | 0 | |a Drawing is thinking |
| 250 | |a 1a. ed | ||
| 300 | |a 223 p | ||
| 942 | |c BK | ||
| 945 | |d 20140814 14:58:00 |a arojas | ||
| 260 | |a Nueva York |b Overlook Press |c 2008 | ||
| 650 | 0 | |a Dibujos |9 264123 | |
| 650 | 7 | |a DIBUJO ARTISTICO |2 CL-VaPUC |9 357593 | |
| 650 | 7 | |a MATERIAL AUDIOVISUAL |2 CL-VaPUC |9 308466 | |
| 583 | |a last modification |c 20140814 14:58:00 |k Rodrigo Vera | ||
| 999 | |c 356580 |d 356578 | ||
| 952 | |0 0 |1 0 |3 erd |4 0 |6 741_600000000000000_GLA_2008 |7 0 |8 A |9 464027 |a BIBARQ |b BIBARQ |i 509593K |l 1 |o 741.6 GLA 2008 |p 509593K |r 2025-01-20 |s 2024-08-13 |w 2019-11-23 |y BK |z Catalogado en:20140814 |k ARQ | ||